000 00746cam a22001934a 4500
005 20250605164346.0
008 250528s ||||||||||||||||||||||||d
035 _a23872
040 _aGR-AtMCL
_bgre
_dGR-AtMCL
_eAACR2
245 1 _aSociety Rejects Proposals on Statutory Regulation / Coaching in Sport, Conference Reports
260 _c2005
300 _a63
520 _aDisability, Getting Our House in Order, Disability and the Parenting Paradox, Community Psychology: Towards an Empowering Vision of Disability, Listening to the Disempowered, My Working Day: Rural Neuro-rehabilitation.
700 1 _aSutton Jon
_99351
942 _cCR
710 2 _aThe British Psychological Society
_99823
999 _c8791
_d8791